Этнические проблемы современности. Вып. 6: Проблемы культуры межнационального общения и межкультурной коммуникации (Запись № 753895)

Подробности
000 -МАРКЕР
контрольное поле 01830nam2a2200301 4500
001 - ИДЕНТИФИКАТОР ЗАПИСИ
контрольное поле RU\NLR\bibl\134714
005 - ИДЕНТИФИКАТОР ВЕРСИИ
контрольное поле 20260407060020.0
010 ## - МЕЖДУНАРОДНЫЙ СТАНДАРТНЫЙ НОМЕР КНИГИ (ISBN)
Номер (ISBN) 5-88648-225-3
Тираж 300
021 ## - НОМЕР ГОСУДАРСТВЕННОЙ РЕГИСТРАЦИИ
Код страны Российская Федерация
Номер 2000-27630п
Номер Листа государственной регистраци 999п
035 ## - ДРУГИЕ СИСТЕМНЫЕ НОМЕРА
Идентификатор записи (NLR Aleph) 000131963
100 ## - ДАННЫЕ ОБЩЕЙ ОБРАБОТКИ
Данные общей обработки 20010213d2000 |||y0rusy50 ca
101 0# - ЯЗЫК РЕСУРСА
Язык текста, звукозаписи и т.д. русский
102 ## - СТРАНА ПУБЛИКАЦИИ ИЛИ ПРОИЗВОДСТВА
Страна публикации Российская Федерация
105 ## - ПОЛЕ КОДИРОВАННЫХ ДАННЫХ: ТЕКСТОВЫЕ МАТЕРИАЛЫ, МОНОГРАФИЧЕСКИЕ
Кодированные данные о монографическом текстовом документе a |||||||||
200 1# - ЗАГЛАВИЕ И СВЕДЕНИЯ ОБ ОТВЕТСТВЕННОСТИ
Основное заглавие Проблемы культуры межнационального общения и межкультурной коммуникации
Сведения, относящиеся к заглавию [Докл. и сообщ. 45 науч.-метод. конф. "Университет. наука - региону", 20-21 апр. 2000 г.]
210 ## - ПУБЛИКАЦИЯ, РАСПРОСТРАНЕНИЕ И ДР.
Дата издания, распространения и т.д. 2000
Место издания, распространения и т.д. Б. м.
215 ## - ФИЗИЧЕСКАЯ ХАРАКТЕРИСТИКА
Специфическое обозначение материала и объем 191 с.
Другие сведения о физической характеристике ил., портр.
300 ## - ОБЩИЕ ПРИМЕЧАНИЯ
Текст примечания В надзаг.: М-во образования Рос. Федерации, Межвуз. науч. прогр. "Ун-ты России - фундам. исслед.", Ставроп. гос. ун-т, Проект N 015.10.01.22 "Этнич. конфликтология"
320 ## - ПРИМЕЧАНИЯ О НАЛИЧИИ В ДОКУМЕНТЕ БИБЛИОГРАФИИ / УКАЗАТЕЛЯ
Текст примечания Библиогр. в конце ст.
461 #0 - УРОВЕНЬ НАБОРА
Встроенное поле 001RU\NLR\bibl\46155
-- 2001#$aЭтнические проблемы современности$vВып. 6
Системный номер (АБИС) связанной записи 237956
Место публикации Ставрополь
Дата публикации 1999
Первые сведения об ответственности [Редкол.: В.А. Шаповалов (отв. ред.) и др.]
Параллельное заглавие Contemporary ethnic problems
Имя издателя, распространителя и т.д. Изд-во СГУ
Сведения, относящиеся к заглавию Материалы науч. конф.
Заглавие Этнические проблемы современности
Номер тома Вып. 6
711 12 - НАИМЕНОВАНИЕ ОРГАНИЗАЦИИ - АЛЬТЕРНАТИВНАЯ ОТВЕТСТВЕННОСТЬ
Начальный элемент ввода "Университетская наука - региону", научно-методическая конференция
Порядковый номер временной организации и / или порядковый номер ее части 45
Дата проведения временной организации 2000
Место проведения временной организации Ставрополь
Идентификатор авторитетной/нормативной записи RU\NLR\AUTH\8810026746
Системный номер авторитетной/нормативной записи 551669
801 #0 - ИСТОЧНИК ЗАПИСИ
Страна Российская Федерация
Организация NLR
Дата составления 20010213
Правила каталогизации PSBO
801 #1 - ИСТОЧНИК ЗАПИСИ
Страна Российская Федерация
Организация NLR
Дата составления 20010213
852 ## - МЕСТОНАХОЖДЕНИЕ И ШИФР ХРАНЕНИЯ
Идентификатор организации NLR
Шифр хранения (Call Number) 99-3/9833
942 ## - ДОПОЛНИТЕЛЬНЫЕ ЭЛЕМЕНТЫ ЗАПИСИ (АБИС)
Тип экземпляра АБИС Книга
980 ## - КОЛЛЕКЦИЯ
Название коллекции Национальная библиография
Экземпляры
Тип экземпляра Дата поступления Источник поступления Библиотека постоянного хранения Библиотека текущего хранения Место хранения Шифр хранения Штрих-код Статус экземпляра
Книга 13.02.2001 Обязательный экземпляр РНБ (Московский) РНБ (Московский) Русский книжный фонд: издания с 1957 года 99-3/9833 105177  
Книга 13.02.2001 Обязательный экземпляр РНБ (Московский) РНБ (Московский) Русский книжный фонд: издания с 1957 года 99-3/9833 105179